[Event "69th Hastings it"]
[Site "Hastings ENG"]
[Date "1993.12.30"]
[Round "2"]
[White "Krasenkov, Mikhail"]
[Black "Arakhamia-Grant, Ketevan"]
[Result "1-0"]
[WhiteElo "2595"]
[BlackElo "2440"]
[EventDate "1993.12.29"]
[BlackTitle "WGM"]
[PlyCount "135"]

1.d4 Nf6 2.c4 g6 3.Nc3 Bg7 4.e4 d6 5.Nf3 O-O 6.h3 e5 7.d5 Nh5 8.Nh2 Qe8 9.
Be2 Nf4 10.Bf3 f5 11.Nf1 Na6 12.Ng3 Nc5 13.O-O Ncd3 14.exf5 gxf5 15.Nh5 
Bh6 16.Nxf4 Nxf4 17.Kh2 Bg7 18.Bxf4 exf4 19.Qd2 Bd7 20.Rae1 Be5 21.Ne2 Qg6
22.Nxf4 Qg5 23.g3 Rf6 24.Re2 Rh6 25.Rfe1 Re8 26.Bg2 Kf7 27.Qa5 Rh4 28.Qxc7
Rxf4 29.Rxe5 dxe5 30.gxf4 Qxf4+ 31.Kg1 Re7 32.d6 e4 33.c5 Ke6 34.Qxb7 Rg7 
35.Qb3+ Kf6 36.Qc3+ Qe5 37.Re3 Qxc3 38.Rxc3 f4 39.c6 Bxc6 40.Rxc6 f3 41.
Rc4 Rxg2+ 42.Kf1 Rh2 43.Ke1 e3 44.Rf4+ Ke6 45.Re4+ Kxd6 46.Rxe3 Rxh3 47.
Ra3 Rh1+ 48.Kd2 Rb1 49.b3 Rb2+ 50.Ke3 Re2+ 51.Kxf3 Re7 52.Ra5 Ke6 53.Kg4 
Rb7 54.f4 Kf6 55.Ra6+ Kf7 56.Kg5 Kg7 57.Ra5 Kf7 58.Kf5 Kg7 59.Kg5 Kf7 60.
Ra6 Kg7 61.f5 Kf7 62.b4 Rxb4 63.Rxa7+ Kg8 64.a4 Rb6 65.a5 Rc6 66.a6 Rb6 
67.Ra8+ Kg7 68.a7 1-0

[Event "69th Hastings it"]
[Site "Hastings ENG"]
[Date "1994.01.03"]
[Round "6"]
[White "Nunn, John Denis Martin"]
[Black "Barua, Dibyendu"]
[Result "1-0"]
[WhiteElo "2590"]
[BlackElo "2510"]
[EventDate "1993.12.29"]
[WhiteTitle "GM"]
[BlackTitle "GM"]
[PlyCount "65"]

1.e4 e5 2.Nf3 Nc6 3.Nc3 Nf6 4.Bb5 Nd4 5.Ba4 c6 6.O-O Nxf3+ 7.Qxf3 d6 8.d3 
h6 9.Qe2 Be6 10.Bb3 Bxb3 11.axb3 g6 12.f4 Bg7 13.fxe5 dxe5 14.Qf3 Qe7 15.
Be3 a6 16.Kh1 Nd7 17.Qh3 h5 18.Rf3 O-O 19.g4 hxg4 20.Qxg4 Nf6 21.Qh4 Qe6 
22.Bc5 Rfe8 23.Rg1 Nh5 24.Ne2 Rab8 25.Ng3 Nxg3+ 26.Rgxg3 b6 27.Be3 Qd7 28.
Rh3 Kf8 29.Qh7 Rb7 30.Qxg6 Re6 31.Rh8+ Bxh8 32.Bh6+ Ke7 33.Rxf7+ 1-0